000 00413nam a22001457a 4500
999 _c120828
_d120828
008 140910b xxu||||| |||| 00| 0 eng d
020 _a9780415634106
050 _aBJ1401.E8
100 _aEwing Alfred C.
_911229
245 _aThe Definition of Good
_cAlfred C. Ewing
260 _aGreat Britain
_bRoutledge and Kegan Paul
_c1948
300 _a215p. ;
_c22cm.
650 _aGood and Evil
_911230
942 _2lcc
_cMONOGRAPH